EBC Missions golden jubilee souvenir: (Record no. 7695)

MARC details
000 -LEADER
fixed length control field 00386nam a22001457a 4500
003 - CONTROL NUMBER IDENTIFIER
control field GBCCL
005 - DATE AND TIME OF LATEST TRANSACTION
control field 20241126110634.0
008 - FIXED-LENGTH DATA ELEMENTS--GENERAL INFORMATION
fixed length control field 180911b ||||| |||| 00| 0 eng d
040 ## - CATALOGING SOURCE
Transcribing agency gbc
082 ## - DEWEY DECIMAL CLASSIFICATION NUMBER
Classification number SOU EBC
Item number 2017
245 ## - TITLE STATEMENT
Title EBC Missions golden jubilee souvenir:
Remainder of title 1967-2017
Statement of responsibility, etc. E Paukhanlian, Chief editor
260 ## - PUBLICATION, DISTRIBUTION, ETC.
Date of publication, distribution, etc. 2017.
Place of publication, distribution, etc. Lamka:
Name of publisher, distributor, etc. MiCoGoj
300 ## - PHYSICAL DESCRIPTION
Extent 160p. ;
942 ## - ADDED ENTRY ELEMENTS (KOHA)
Source of classification or shelving scheme Dewey Decimal Classification
Koha item type Archives
Holdings
Withdrawn status Lost status Source of classification or shelving scheme Damaged status Not for loan Home library Current Library Shelving location Date acquired Total checkouts Full call number Barcode Date last seen Copy number Price effective from Koha item type
    Dewey Decimal Classification     GRACE BIBLE COLLEGE GRACE BIBLE COLLEGE Archives 2018-09-11   SOU EBC 2017 250026 2025-05-01 c.1 2018-09-11 Archives
    Dewey Decimal Classification     GRACE BIBLE COLLEGE GRACE BIBLE COLLEGE Archives 2018-09-11   SOU EBC 2017 250027 2025-05-01 c.2 2018-09-11 Archives
    Dewey Decimal Classification     GRACE BIBLE COLLEGE GRACE BIBLE COLLEGE Archives 2018-09-11   SOU EBC 2017 250028 2025-05-01 c.3 2018-09-11 Archives
    Dewey Decimal Classification     GRACE BIBLE COLLEGE GRACE BIBLE COLLEGE Archives 2018-09-11   SOU EBC 2017 250029 2025-05-01 c.4 2018-09-11 Archives
© Grace Bible College Library 2025